000
00213nam a22001097a 4500
100
_a
Yadav M.S
245
_a
Jee Advance Chemistry
250
_a
2024
260
_b
MTG Learning
300
_a
396
942
_2
ddc
_c
BK
999
_c
11700
_d
11700